Normal view MARC view
  • Sr., Richard J. Lewis

Entry Personal Name

Number of records used in: 1

001 - CONTROL NUMBER

  • control field: 53945

003 - CONTROL NUMBER IDENTIFIER

  • control field: NUST

005 - DATE AND TIME OF LATEST TRANSACTION

  • control field: 20210421115843.0

008 - FIXED-LENGTH DATA ELEMENTS

  • fixed length control field: 210421|| aca||aabn | a|a d

040 ## - CATALOGING SOURCE

  • Original cataloging agency: NUST
  • Transcribing agency: NUST

100 ## - HEADING--PERSONAL NAME

  • Personal name: Sr., Richard J. Lewis

670 ## - SOURCE DATA FOUND

  • Source citation: Work cat.: (NUST): Sr., Richard J. Lewis., Hawley's condensed chemical dictionary, book and cd-rom set /, 2008
© 2023 Central Library, National University of Sciences and Technology. All Rights Reserved.